| 000 | 00498nam a22001697a 4500 | ||
|---|---|---|---|
| 999 |
_c8583 _d8583 |
||
| 008 | 201207b ||||| |||| 00| 0 eng d | ||
| 040 | _aBMS College of Architecture | ||
| 100 | _aD, Bindu | ||
| 245 | _aKino synthesis | ||
| 300 | _a56P. | ||
| 500 | _a1BM13AT081 | ||
| 502 |
_8B,Arch _NBMS College of Architecture, Visvesvaraya Technological University (VTU) _aProject report _d2017 |
||
| 650 | _aNA | ||
| 700 |
_aShantesh R Kelvekar _eGuide |
||
| 700 |
_aKoshy P Koshy _eGuide |
||
| 942 |
_2ddc _cTHE |
||